Music Quiz

Random Music or Classical Quiz

Orchestra Instruments Quiz Stats

 Plays Quiz Updated May 21, 2018

Score 0/29 Timer 06:00
11 Plays Today
Section Instrument % Correct
StringsViolin
98.1%
StringsDouble bass
96.3%
WoodwindsFlute
95.3%
BrassTrumpet
94.1%
StringsCello
92.9%
StringsViola
92.1%
WoodwindsClarinet
92%
KeyboardsPiano
90.2%
WoodwindsOboe
86%
BrassTrombone
86%
BrassTuba
82.4%
BrassFrench Horn
82%
StringsHarp
75%
PercussionXylophone
68.7%
WoodwindsBassoon
68.7%
Section Instrument % Correct
WoodwindsPiccolo
67.2%
PercussionSnare Drum
66.3%
PercussionBass Drum
65.3%
PercussionTimpani
64.7%
PercussionCymbals
64.7%
KeyboardsOrgan
55.7%
WoodwindsBass Clarinet
45.4%
KeyboardsHarpsichord
44%
WoodwindsEnglish Horn
37%
PercussionCelesta
36.9%
PercussionChimes
31.3%
PercussionTambourine
24.9%
WoodwindsContrabassoon
24.6%
BrassBass Trombone
23.6%

You're not logged in!

Compare scores with friends on all Sporcle quizzes.
OR
Log In

Sporcle TV

Today on Sporcle TV


Watch our educational content, quiz creation guides, and fun videos on Sporcle TV.

Show Comments

Extras

Top Quizzes Today


Score Distribution

Your Account Isn't Verified!

In order to create a playlist on Sporcle, you need to verify the email address you used during registration. Go to your Sporcle Settings to finish the process.

Report this User

Report this user for behavior that violates our Community Guidelines.

Details: